Missing Word: Five W's Songs Quiz Stats

 Plays Quiz Updated May 4, 2018

Challenge
Share
Tweet
Embed
Score 0/25 Timer 04:00
0 Plays Today
Song Title Missing Word % Correct
What's Love _____ To Do With It?Got
95.5%
When A Man Loves A _____Woman
95%
Who _____ You?Are
94.3%
What Have I Done To ______ This?Deserve
92%
Why I Love You So _____Much
91.2%
Where _____ Our Love Go?Did
90.6%
Why Can't We Be _____?Friends
87.5%
When It's _____Love
86.7%
When I _____ In LoveFall
86.7%
Who Loves ____?You
86.2%
Why ______ This Be Love?Can't
85.8%
What's New, ______?Pussycat
85.7%
Why Do _____ Fall In Love?Fools
84.5%
Song Title Missing Word % Correct
Where are we ____?Now
84.4%
Who's That _____?Girl
83.4%
Where _____ Knows Your NameEverybody
81.3%
Who'll Stop The _____?Rain
79.4%
When I _____ Of YouThink
78.1%
What'd I _____?Say
62.9%
When I'm ______Sixty-Four
58.2%
Where Have All The _____ Gone?Flowers
55.4%
Where Have All The _____ Gone?Cowboys
38.6%
Why _____ You And I?Don't
34.6%
What Is _____?Life
23.7%
Who Put The _____?Bomp
16.2%

Today's Daily Dose

You're not logged in!

Compare scores with friends on all Sporcle quizzes.
Join for Free
OR
Log In

You Might Also Like...

Show Comments

Extras

Top Quizzes Today


Score Distribution

Your Account Isn't Verified!

In order to create a playlist on Sporcle, you need to verify the email address you used during registration. Go to your Sporcle Settings to finish the process.

Report this User

Report this user for behavior that violates our Community Guidelines.

Details: